[Event "Florianopolis op 10th"]
[Site "Florianopolis"]
[Date "2024.01.24"]
[Round "6"]
[White "Reis, Virginia Lagrange M"]
[Black "Lage, Pedro Ferreira"]
[Result "0-1"]
[WhiteElo "1676"]
[BlackElo "2100"]
[PlyCount "28"]
[EventDate "2024.01.20"]
[EventType "swiss"]
[EventRounds "10"]
[EventCountry "BRA"]
[SourceTitle "CB05_2024"]
[SourceDate "2024.01.31"]
[SourceVersion "1"]
[SourceVersionDate "2024.01.31"]
[SourceQuality "1"]

1. e4 e6 2. d4 d5 3. e5 c5 4. c3 Nc6 5. f4 Qb6 6. Nf3 Bd7 7. Be2 cxd4 8. cxd4 Nh6 9. b3 Nf5 10. Bb2 Rc8 11. Kf2 Ncxd4 12. Nxd4 Bc5 13. Nd2 Bxd4+ 14. Bxd4 Qxd4+ 0-1

[Event "Florianopolis op 10th"]
[Site "Florianopolis"]
[Date "2024.01.22"]
[Round "4"]
[White "Reis, Virginia Lagrange M"]
[Black "Nascimento, Pedro Henrique Alve"]
[Result "1/2-1/2"]
[WhiteElo "1676"]
[BlackElo "1946"]
[PlyCount "97"]
[EventDate "2024.01.20"]
[EventType "swiss"]
[EventRounds "10"]
[EventCountry "BRA"]
[SourceTitle "CB05_2024"]
[SourceDate "2024.01.31"]
[SourceVersion "1"]
[SourceVersionDate "2024.01.31"]
[SourceQuality "1"]

1. e4 e6 2. d4 d5 3. Nd2 Nc6 4. c3 e5 5. exd5 Qxd5 6. dxe5 Qxe5+ 7. Qe2 Nf6 8. Ngf3 Qxe2+ 9. Bxe2 Bc5 10. 0-0 0-0 11. Nb3 Bb6 12. Bg5 Ne4 13. Bf4 Bg4 14. Bd3 Rfe8 15. Nfd4 Nxd4 16. cxd4 Bh5 17. Rac1 c6 18. Nc5 Nxc5 19. dxc5 Bd8 20. Be3 Bf6 21. b3 Rad8 22. Bb1 Bb2 23. Rc2 Bf6 24. Rcc1 Bd4 25. Bxd4 Rxd4 26. Rfe1 Red8 27. Kf1 Kf8 28. f3 Rd2 29. Re2 Rd1+ 30. Re1 Rxc1 31. Rxc1 Rd2 32. Re1 Bg6 33. Bxg6 hxg6 34. Re2 Rd1+ 35. Re1 Rd5 36. b4 f5 37. Re2 Kf7 38. Rc2 Rd4 39. a3 Ke6 40. Rc3 f4 41. Rc2 Kd5 42. Rc3 Rc4 43. Rd3+ Rd4 44. Rc3 g5 45. Rc2 b6 46. cxb6 axb6 47. Rc3 Rc4 48. Rd3+ Rd4 49. Rc3 1/2-1/2

[Event "Florianopolis op 9th"]
[Site "Florianopolis"]
[Date "2023.01.26"]
[Round "6"]
[White "Rodriguez Farias, Eduardo"]
[Black "Reis, Virginia Lagrange M"]
[Result "1/2-1/2"]
[WhiteElo "1919"]
[BlackElo "1652"]
[PlyCount "62"]
[EventDate "2023.01.23"]
[EventType "swiss"]
[EventRounds "10"]
[EventCountry "BRA"]
[SourceTitle "CBM 212 Extra"]
[Source "ChessBase"]
[SourceDate "2023.03.31"]
[SourceVersion "1"]
[SourceVersionDate "2023.03.31"]
[SourceQuality "1"]

1. e4 c5 2. c3 g6 3. d4 cxd4 4. cxd4 d5 5. e5 Nc6 6. h3 Bg7 7. Nc3 a6 8. Nge2 e6 9. Be3 Nge7 10. Ng3 0-0 11. Bd3 f6 12. f4 fxe5 13. fxe5 Nxe5 14. dxe5 d4 15. Qd2 dxe3 16. Qxe3 Qc7 17. 0-0-0 Bxe5 18. Nge2 Nd5 19. Qd2 Nxc3 20. bxc3 Rf2 21. Kb1 Bd7 22. Qe3 Raf8 23. Rd2 Bc6 24. Bc4 Bd5 25. Bxd5 exd5 26. Rxd5 Bg7 27. Rhd1 Rxe2 28. Qxe2 Qxc3 29. Qe6+ Kh8 30. R1d2 Qa1+ 31. Kc2 Qc3+ 1/2-1/2

[Event "Florianopolis op 8th"]
[Site "Florianopolis"]
[Date "2022.01.29"]
[Round "8"]
[White "Reis, Virginia Lagrange M"]
[Black "Rodrigues Mota, Romulo Cardoso S"]
[Result "0-1"]
[WhiteElo "1724"]
[BlackElo "2031"]
[PlyCount "21"]
[EventDate "2022.01.24"]
[EventType "swiss"]
[EventRounds "10"]
[EventCountry "BRA"]
[SourceTitle "EXT 2023"]
[Source "ChessBase"]
[SourceDate "2022.10.05"]
[SourceVersion "1"]
[SourceVersionDate "2022.10.05"]
[SourceQuality "1"]

1. e4 c5 2. Nf3 d6 3. d4 cxd4 4. Nxd4 Nf6 5. Bd3 g6 6. c4 Nc6 7. Nc2 Bg7 8. Nc3 Be6 9. f3 Qb6 10. Qd2 Ne5 11. b3 0-1

[Event "Florianopolis op 8th"]
[Site "Florianopolis"]
[Date "2022.01.27"]
[Round "5"]
[White "Ferreira, Kauan Mariani"]
[Black "Reis, Virginia Lagrange M"]
[Result "1-0"]
[WhiteElo "1364"]
[BlackElo "1724"]
[PlyCount "61"]
[EventDate "2022.01.24"]
[EventType "swiss"]
[EventRounds "10"]
[EventCountry "BRA"]
[SourceTitle "CBM 206 Extra"]
[Source "ChessBase"]
[SourceDate "2022.03.31"]
[SourceVersion "1"]
[SourceVersionDate "2022.03.31"]
[SourceQuality "1"]

1. e4 c5 2. Nf3 Nc6 3. d4 cxd4 4. Nxd4 g6 5. c4 Bg7 6. Be3 Nf6 7. Nc3 Ng4 8. Qxg4 Nxd4 9. Qd1 Ne6 10. Be2 0-0 11. 0-0 d6 12. Rc1 Bd7 13. b3 Bc6 14. f3 Rc8 15. Qd2 Re8 16. Nd5 b6 17. Rfd1 Qd7 18. Qe1 Qb7 19. h4 Nc5 20. Qg3 Rcd8 21. h5 e6 22. Nb4 a5 23. Nxc6 Qxc6 24. hxg6 hxg6 25. Kf2 Be5 26. Qh4 d5 27. Bg5 Rd7 28. Bf6 Bxf6 29. Qxf6 Nxe4+ 30. fxe4 dxe4 31. Rxd7 1-0

[Event "Pan American-ch U2000"]
[Site "Timbo"]
[Date "2021.12.05"]
[Round "9"]
[White "Reis, Virginia Lagrange M"]
[Black "Ferreira, Jose Carlos"]
[Result "1-0"]
[WhiteElo "1699"]
[BlackElo "1748"]
[PlyCount "55"]
[EventDate "2021.12.01"]
[EventType "swiss"]
[EventRounds "9"]
[EventCountry "BRA"]
[SourceTitle "CBM 205 Extra"]
[Source "ChessBase"]
[SourceDate "2022.01.31"]
[SourceVersion "1"]
[SourceVersionDate "2022.01.31"]
[SourceQuality "1"]

1. e4 e5 2. Nf3 Nc6 3. Bb5 Nge7 4. 0-0 d6 5. h3 g6 6. Nc3 Bg7 7. d3 0-0 8. Bg5 f6 9. Be3 Be6 10. d4 exd4 11. Nxd4 Nxd4 12. Bxd4 a6 13. Be2 Nc6 14. Be3 f5 15. exf5 gxf5 16. Nd5 Ne5 17. f4 Nd7 18. Qd2 c6 19. Nc3 Nf6 20. Rad1 d5 21. Bd4 Re8 22. Qd3 Ne4 23. Bxg7 Kxg7 24. Nxe4 fxe4 25. Qg3+ Kh8 26. f5 Rg8 27. Qe5+ Rg7 28. fxe6 1-0

[Event "Pan American-ch U2000"]
[Site "Timbo"]
[Date "2021.12.04"]
[Round "7"]
[White "Reis, Virginia Lagrange M"]
[Black "Bisesar, Maycon da Costa"]
[Result "1/2-1/2"]
[WhiteElo "1699"]
[BlackElo "1773"]
[PlyCount "57"]
[EventDate "2021.12.01"]
[EventType "swiss"]
[EventRounds "9"]
[EventCountry "BRA"]
[SourceTitle "CBM 205 Extra"]
[Source "ChessBase"]
[SourceDate "2022.01.31"]
[SourceVersion "1"]
[SourceVersionDate "2022.01.31"]
[SourceQuality "1"]

1. e4 d6 2. d4 Nf6 3. Nc3 g6 4. h3 Bg7 5. Nf3 0-0 6. Bd3 Na6 7. Be3 c6 8. Qd2 b5 9. Bh6 Nc7 10. Nh2 e5 11. dxe5 dxe5 12. Ng4 Qe7 13. Bxg7 Kxg7 14. Qh6+ Kg8 15. Nxf6+ Qxf6 16. h4 Qg7 17. Qe3 Ne6 18. g3 Nd4 19. Ne2 c5 20. c3 c4 21. Bb1 Nxe2 22. Qxe2 Be6 23. Bc2 Qh6 24. Rd1 Rfd8 25. 0-0 Qf8 26. Rxd8 Rxd8 27. Qe3 Qe7 28. Rd1 Rxd1+ 29. Bxd1 1/2-1/2

[Event "BRA-ch (Women) 60th"]
[Site "Cuiaba"]
[Date "2021.11.02"]
[Round "9"]
[White "Penha, Evelyn Maximiano"]
[Black "Reis, Virginia Lagrange M"]
[Result "1/2-1/2"]
[WhiteElo "1672"]
[BlackElo "1741"]
[PlyCount "40"]
[EventDate "2021.10.28"]
[EventType "swiss"]
[EventRounds "11"]
[EventCountry "BRA"]
[SourceTitle "CBM 205 Extra"]
[Source "ChessBase"]
[SourceDate "2022.01.31"]
[SourceVersion "1"]
[SourceVersionDate "2022.01.31"]
[SourceQuality "1"]

1. e4 c5 2. Nc3 Nc6 3. f4 g6 4. Nf3 Bg7 5. Bb5 e6 6. Bxc6 bxc6 7. d3 Rb8 8. 0-0 Ne7 9. Qe1 0-0 10. Kh1 d5 11. e5 Nf5 12. Na4 Qe7 13. Qc3 Rb5 14. b3 f6 15. Ba3 d4 16. Qd2 Rd8 17. Nb2 Qc7 18. Na4 Rd5 19. Rae1 fxe5 20. Nxe5 Bh6 1/2-1/2

[Event "Araruama op 1st"]
[Site "Araruama"]
[Date "2021.06.06"]
[Round "6"]
[White "De Carvalho, Vitor Augusto Ponci"]
[Black "Reis, Virginia Lagrange M"]
[Result "0-1"]
[WhiteElo "1591"]
[BlackElo "1753"]
[PlyCount "114"]
[EventDate "2021.06.02"]
[EventType "tourn"]
[EventRounds "6"]
[EventCountry "BRA"]
[SourceTitle "CBM 203 Extra"]
[Source "ChessBase"]
[SourceDate "2021.09.30"]
[SourceVersion "1"]
[SourceVersionDate "2021.09.30"]
[SourceQuality "1"]

1. e4 c5 2. g3 Nc6 3. Bg2 g6 4. f4 Bg7 5. Nf3 e6 6. 0-0 Nge7 7. Nc3 d6 8. d3 a6 9. a4 Bd7 10. Be3 Nd4 11. g4 f5 12. gxf5 exf5 13. Ne2 Nxf3+ 14. Bxf3 Qc7 15. c3 Bc6 16. b4 cxb4 17. Rb1 bxc3 18. Bb6 Qd7 19. Qc1 Bxa4 20. Nxc3 Rc8 21. d4 fxe4 22. Bxe4 d5 23. Bg2 0-0 24. Bc5 Bc6 25. f5 Nxf5 26. Bxf8 Bxd4+ 27. Kh1 Rxf8 28. Qd2 Bxc3 29. Qxc3 Qg7 30. Qc5 Qd4 31. Qxd4 Nxd4 32. Rxf8+ Kxf8 33. Rd1 Nf5 34. Bxd5 Ne3 35. Bxc6 Nxd1 36. Bxb7 a5 37. Bc6 Nc3 38. Kg2 a4 39. Bxa4 Nxa4 40. Kg3 Kf7 41. Kg4 Kf6 42. Kf4 Nc5 43. Kg4 Ne6 44. Kh4 Kf5 45. Kh3 g5 46. Kg3 h5 47. Kf3 Nd4+ 48. Kg3 h4+ 49. Kg2 Kf4 50. Kg1 g4 51. Kf2 Nf3 52. Kg2 Nxh2 53. Kh1 Kf3 54. Kg1 g3 55. Kh1 Ng4 56. Kg1 h3 57. Kh1 Nf2+ 0-1

[Event "Sao Paulo Carnaval op"]
[Site "Sao Paulo"]
[Date "2020.02.25"]
[Round "7"]
[White "Santos, Marcos Correia"]
[Black "Reis, Virginia Lagrange M"]
[Result "1-0"]
[WhiteElo "1583"]
[BlackElo "1768"]
[PlyCount "52"]
[EventDate "2020.02.22"]
[EventType "swiss"]
[EventRounds "7"]
[EventCountry "BRA"]
[SourceTitle "CBM 195 Extra"]
[Source "ChessBase"]
[SourceDate "2020.05.31"]
[SourceVersion "1"]
[SourceVersionDate "2020.05.31"]
[SourceQuality "1"]

1. e4 c5 2. Nf3 Nc6 3. Bb5 g6 4. Bxc6 dxc6 5. d3 Bg7 6. h3 b6 7. Nc3 Nf6 8. Be3 0-0 9. Qd2 Re8 10. Bh6 Bh8 11. e5 Nd5 12. Ne4 Ba6 13. h4 Qd7 14. h5 Rad8 15. hxg6 hxg6 16. Qg5 Qf5 17. Qh4 Bxe5 18. Bg5 Kf8 19. Qh7 e6 20. Bxd8 Rxd8 21. Nxe5 Qxe5 22. Qh8+ Qxh8 23. Rxh8+ Ke7 24. Rxd8 Kxd8 25. 0-0-0 Ke7 26. Rh1 Nf4 1-0

[Event "Sao Paulo Carnaval op"]
[Site "Sao Paulo"]
[Date "2020.02.24"]
[Round "6"]
[White "Reis, Virginia Lagrange M"]
[Black "Gazola, Vanessa Ramos"]
[Result "0-1"]
[WhiteElo "1768"]
[BlackElo "1925"]
[PlyCount "96"]
[EventDate "2020.02.22"]
[EventType "swiss"]
[EventRounds "7"]
[EventCountry "BRA"]
[SourceTitle "CBM 195 Extra"]
[Source "ChessBase"]
[SourceDate "2020.05.31"]
[SourceVersion "1"]
[SourceVersionDate "2020.05.31"]
[SourceQuality "1"]

1. e4 c5 2. Nf3 Nc6 3. Bb5 e5 4. 0-0 Bd6 5. a4 Nge7 6. Nc3 a6 7. Bc4 Nd4 8. d3 Ne6 9. Ng5 h6 10. Nxe6 dxe6 11. Qg4 Ng6 12. g3 Qf6 13. a5 Bd7 14. Be3 h5 15. Qe2 h4 16. Na4 Bxa4 17. Rxa4 Nf8 18. Qg4 Be7 19. c3 g5 20. d4 Qh6 21. dxc5 hxg3 22. Qxg3 Ng6 23. f3 Nf4 24. b4 Qf6 25. Ra2 Rh3 26. Qf2 Rh4 27. Kh1 Qh6 28. Rd2 Rh3 29. Rg1 Rh4 30. Rg4 Rh5 31. Bf1 f5 32. exf5 exf5 33. Rg1 Nh3 34. Bxh3 Rxh3 35. Rdd1 f4 36. Bc1 Qc6 37. Rgf1 g4 38. Qg2 Rxf3 39. Rxf3 Qxf3 40. Qxf3 gxf3 41. Rf1 Rd8 42. Kg1 Rd3 43. Re1 Rxc3 44. Kf1 Rc2 45. h4 Kf7 46. h5 Kf6 47. h6 Kf5 48. Rd1 Bf6 0-1

[Event "Sao Paulo Carnaval op"]
[Site "Sao Paulo"]
[Date "2020.02.24"]
[Round "5"]
[White "Ribeiro, Regina"]
[Black "Reis, Virginia Lagrange M"]
[Result "1/2-1/2"]
[WhiteElo "1934"]
[BlackElo "1768"]
[PlyCount "51"]
[EventDate "2020.02.22"]
[EventType "swiss"]
[EventRounds "7"]
[EventCountry "BRA"]
[SourceTitle "CBM 195 Extra"]
[Source "ChessBase"]
[SourceDate "2020.05.31"]
[SourceVersion "1"]
[SourceVersionDate "2020.05.31"]
[SourceQuality "1"]

1. Nf3 c5 2. g3 Nc6 3. Bg2 e5 4. d3 g6 5. e4 Bg7 6. c3 d6 7. a4 Nge7 8. Nbd2 0-0 9. h4 h6 10. Nc4 Be6 11. Be3 Qd7 12. Qd2 Kh7 13. h5 g5 14. Nh2 g4 15. Qe2 f5 16. f4 gxf3 17. Bxf3 f4 18. Bf2 fxg3 19. Bxg3 Rf7 20. 0-0-0 Bxc4 21. dxc4 Na5 22. Ng4 Nb3+ 23. Kb1 Qxa4 24. Bh4 Qa1+ 25. Kc2 Qa4 26. Kb1 1/2-1/2

[Event "Florianopolis op 6th"]
[Site "Florianopolis"]
[Date "2020.01.23"]
[Round "6"]
[White "Allo Collante, Violeta"]
[Black "Reis, Virginia Lagrange M"]
[Result "0-1"]
[WhiteElo "1189"]
[BlackElo "1791"]
[PlyCount "88"]
[EventDate "2020.01.20"]
[EventType "swiss"]
[EventRounds "10"]
[EventCountry "BRA"]
[SourceTitle "CBM 194 Extra"]
[Source "ChessBase"]
[SourceDate "2020.03.31"]
[SourceVersion "1"]
[SourceVersionDate "2020.03.31"]
[SourceQuality "1"]

1. d4 Nf6 2. Bf4 c5 3. c3 cxd4 4. cxd4 d5 5. Nc3 Bd7 6. e3 a6 7. Nf3 Nc6 8. Bd3 e6 9. 0-0 Be7 10. Re1 Nh5 11. Ne5 Nxf4 12. exf4 Nxe5 13. fxe5 Qb6 14. Qc2 Qxd4 15. Rad1 Qb6 16. Kh1 Rc8 17. Qe2 Bb4 18. Rc1 Bxc3 19. bxc3 Qa5 20. c4 dxc4 21. Bxc4 0-0 22. Rb1 Bc6 23. Bd3 g6 24. h4 Qa4 25. Be4 Bxe4 26. Qxe4 Qxe4 27. Rxe4 Rc2 28. Rxb7 Rxa2 29. f3 a5 30. Ra7 h6 31. h5 g5 32. g4 Rd8 33. Re1 Rd3 34. Rg1 Re3 35. Rg2 Rxg2 36. Kxg2 Rxe5 37. Kg3 Rd5 38. Kf2 Kg7 39. Ke3 Kf6 40. f4 gxf4+ 41. Kxf4 e5+ 42. Kf3 Rd3+ 43. Ke2 Rd4 44. Rxa5 Rxg4 0-1

[Event "Rio de Janeiro Estadual-ch"]
[Site "Rio de Janeiro"]
[Date "2019.09.29"]
[Round "4"]
[White "Reis, Virginia Lagrange M"]
[Black "Salles, Marvio Darilho"]
[Result "0-1"]
[WhiteElo "1766"]
[BlackElo "2073"]
[PlyCount "114"]
[EventDate "2019.09.28"]
[EventType "swiss"]
[EventRounds "6"]
[EventCountry "BRA"]
[SourceTitle "EXT 2020"]
[Source "ChessBase"]
[SourceDate "2019.10.17"]
[SourceVersion "1"]
[SourceVersionDate "2019.10.17"]
[SourceQuality "1"]

1. e4 c6 2. d4 d5 3. Nd2 dxe4 4. Nxe4 Bf5 5. Ng3 Bg6 6. Nf3 Nd7 7. h4 h6 8. h5 Bh7 9. Bd3 Bxd3 10. Qxd3 e6 11. Bf4 Qa5+ 12. Bd2 Qc7 13. Ne4 Ngf6 14. g3 Nxe4 15. Qxe4 Nf6 16. Qe2 Bd6 17. 0-0-0 0-0-0 18. Kb1 Rhe8 19. c4 c5 20. Bc3 a6 21. Rh4 cxd4 22. Nxd4 Re7 23. Nb3 Red7 24. Rc1 Bc5 25. Ba5 b6 26. Nxc5 Qxc5 27. Bc3 Qf5+ 28. Ka1 Qd3 29. Qxd3 Rxd3 30. Kb1 Rf3 31. Be1 Kb7 32. Kc2 Rf5 33. Rd1 Rxd1 34. Kxd1 Rxh5 35. Rxh5 Nxh5 36. Ke2 Nf6 37. Kf3 Kc6 38. Bc3 Ne8 39. Kf4 f6 40. Kg4 g6 41. f4 Kc5 42. b3 f5+ 43. Kf3 Nd6 44. Ke3 Ne4 45. Be1 b5 46. cxb5 axb5 47. a3 g5 48. fxg5 hxg5 49. g4 Nf6 50. gxf5 exf5 51. Bb4+ Kd5 52. Be7 Ke6 53. Bxf6 Kxf6 54. a4 bxa4 55. bxa4 Ke5 56. a5 Kd6 57. Kd4 Kc6 0-1

[Event "Rio de Janeiro Estadual-ch"]
[Site "Rio de Janeiro"]
[Date "2019.09.28"]
[Round "2"]
[White "Reis, Virginia Lagrange M"]
[Black "Leite, Tarcisio Dantas Fro"]
[Result "1-0"]
[WhiteElo "1766"]
[BlackElo "1552"]
[PlyCount "121"]
[EventDate "2019.09.28"]
[EventType "swiss"]
[EventRounds "6"]
[EventCountry "BRA"]
[SourceTitle "EXT 2020"]
[Source "ChessBase"]
[SourceDate "2019.10.17"]
[SourceVersion "1"]
[SourceVersionDate "2019.10.17"]
[SourceQuality "1"]

1. e4 e6 2. d4 d5 3. Nd2 b6 4. c3 Bb7 5. e5 h5 6. Ndf3 Ne7 7. Bg5 Nbc6 8. Bd3 Qd7 9. Ne2 Nf5 10. Qc2 Nce7 11. Ng3 Nxg3 12. hxg3 0-0-0 13. g4 g6 14. gxh5 Rxh5 15. Rxh5 gxh5 16. Qe2 Bg7 17. a4 Rh8 18. a5 Kb8 19. axb6 cxb6 20. b4 Nc6 21. Qa2 Ba8 22. Bb5 Qc7 23. g3 Rf8 24. Qa3 f6 25. exf6 Bxf6 26. Bf4 e5 27. dxe5 Nxe5 28. Nd4 Qe7 29. Bc6 Rc8 30. b5 Qxa3 31. Rxa3 Rc7 32. Bxa8 Nd3+ 33. Kd2 Nxf4 34. Bc6 Ng6 35. Bxd5 Ne5 36. f4 Nc4+ 37. Bxc4 Rxc4 38. Kd3 Rc7 39. Nc6+ Kc8 40. Rxa7 Rd7+ 41. Rxd7 Kxd7 42. c4 Kd6 43. Ke4 Ke6 44. Ne5 Bd8 45. Nc6 Bf6 46. Ne5 Bd8 47. Kd4 Bc7 48. c5 bxc5+ 49. Kxc5 Bd6+ 50. Kc6 Bb8 51. b6 Bd6 52. Nc4 Bb8 53. Kb7 Bxf4 54. gxf4 h4 55. Nd2 Kf5 56. Kc8 h3 57. Nf1 Kxf4 58. b7 Kf3 59. b8Q Kg2 60. Nh2 Kg1 61. Qg3+ 1-0

[Event "Teresina op 7th"]
[Site "Teresina"]
[Date "2019.08.04"]
[Round "5"]
[White "Reis, Virginia Lagrange M"]
[Black "Teixeira Junior, Gilberto Alves"]
[Result "1/2-1/2"]
[WhiteElo "1745"]
[BlackElo "1886"]
[PlyCount "98"]
[EventDate "2019.08.02"]
[EventType "swiss"]
[EventRounds "6"]
[EventCountry "BRA"]
[SourceTitle "EXT 2020"]
[Source "ChessBase"]
[SourceDate "2019.10.17"]
[SourceVersion "1"]
[SourceVersionDate "2019.10.17"]
[SourceQuality "1"]

1. e4 c5 2. Nf3 e6 3. b3 Nc6 4. Bb5 Nd4 5. Nxd4 cxd4 6. 0-0 Bc5 7. Bd3 Nf6 8. e5 Nd5 9. Qg4 0-0 10. Ba3 d6 11. Bxc5 dxc5 12. f4 f5 13. Qh3 Nb4 14. Na3 Bd7 15. Nc4 Bc6 16. Nd6 Qd7 17. a4 a6 18. Be2 Nd5 19. g4 g6 20. Rf2 b5 21. a5 Ra7 22. Qg3 fxg4 23. Bxg4 Nf6 24. Bf3 Ne8 25. Ne4 Bxe4 26. Bxe4 Ng7 27. Raf1 Kh8 28. Qh3 Nf5 29. Rg2 Qg7 30. Kh1 Kg8 31. Bxf5 Rxf5 32. Qf3 Qd7 33. Kg1 Qc8 34. Rg5 Raf7 35. Rxf5 gxf5 36. Rf2 Qb7 37. Rg2+ Kf8 38. Qxb7 Rxb7 39. c3 dxc3 40. dxc3 Rd7 41. Rc2 Rd3 42. Kg2 Ke7 43. Kf2 Kd8 44. Ke2 Rd7 45. Rd2 Kc7 46. Rxd7+ Kxd7 47. c4 b4 48. Kf3 Ke7 49. Ke3 Kf7 1/2-1/2

[Event "Teresina op 7th"]
[Site "Teresina"]
[Date "2019.08.03"]
[Round "4"]
[White "Delgado Ramirez, Neuris"]
[Black "Reis, Virginia Lagrange M"]
[Result "1-0"]
[WhiteElo "2612"]
[BlackElo "1745"]
[PlyCount "29"]
[EventDate "2019.08.02"]
[EventType "swiss"]
[EventRounds "6"]
[EventCountry "BRA"]
[SourceTitle "EXT 2020"]
[Source "ChessBase"]
[SourceDate "2019.10.17"]
[SourceVersion "1"]
[SourceVersionDate "2019.10.17"]
[SourceQuality "1"]

1. e4 c5 2. Nf3 Nc6 3. b4 cxb4 4. d4 d5 5. exd5 Qxd5 6. c4 bxc3 7. Nxc3 Qa5 8. d5 Bg4 9. Bd2 Bxf3 10. Qxf3 Nd4 11. Qe4 e5 12. Qxe5+ Ne6 13. Bb5+ Kd8 14. dxe6 Nf6 15. Nd5 1-0